Представление документа в формате RUSMARC

ПолеНазваниеЗначение
  Тип записи a
  Библиографический уровень m
001 Контрольный номер UONB/MAIN/7bf6f372c8a048d6904d1696965d7a89
005 Дата корректировки 20260417170221.8
010 Индекс ISBN __
d Цена 1 р. 35 к.
100 Данные общей обработки __
a Данные общей обработки 20260417d1914 u y0rusy0189 ca
101 Язык документа 0_
a Язык текста rus
102 Страна публикации __
a Страна публикации RU
105 Кодированные данные (монография) __
a Кодированные данные (монография) a z 001yy
200 Заглавие и сведения об ответственности 1_
a Заглавие Очерк шаманства у енисейских остяков
e Сведения, относящиеся к заглавию (доложено в заседании Историко-филологического отделения 11 мая 1914 г.)
f Первые сведения об ответственности В. И. Анучин
g Последующие сведения об ответственности с рисунками в тексте, исполненными художником С. М. Дудиным
210 Выходные данные 1_
d Дата издания 1914
215 Физическое описание __
a Объем [2], 89 с.
c Иллюстрации/тип воспроизводства ил.
320 Библиография __
a Библиография Библиогр. в подстроч. примеч.
461 Уровень набора _0
1 2001
a Сборник Музея антропологии и этнографии
v Т. 2, вып. 2
1 2101
a Санкт-Петербург
c Наука, Санкт-Петербургское отделение
d 1900-
1 300
a Доп. тит. л. фр.
1 001UONB/MAIN/77ff1e0278f642a191f97e1f573595f3
1 203
a Текст
b визуальный
c непосредственный
1 215
d 30 см
1 71002
a Музей антропологии и этнографии им. Петра Великого (Санкт-Петербург)
4 570
606 Тематические рубрики 0_
a Основная рубрика Народы Сибири и Дальнего Востока
x Основная подрубрика Обычаи и обряды
610 Ключевые слова 0_
a Ключевые слова шаманство в Сибири; шаманский ритуал; народы Сибири и Дальнего Востока; обычаи и обряды
686 Индексы других классификаций __
2 Код системы rubbk
a Классификационный индекс 63.521(=65)-77
686 Индексы других классификаций __
a Классификационный индекс 86.411
2 Код системы rubbk
700 Автор _1
a Фамилия Анучин
b Имя (инициалы) В. И.
702 Вторичная интеллектуальная ответственность _1
a Фамилия Дудин
b Имя (инициалы) С. М.
4 Код отношения 040
801 Источник записи _0
a Страна RU
b Организация Ульяновская ОНБ
c Дата составления 20260417
g Правила каталогизации RCR
801 Источник записи _1
a Страна RU
b Организация Ульяновская ОНБ
c Дата составления 20260417
g Правила каталогизации RCR
901 Тип документа __
t Тип документа n
w Контрольный № источника UONB/MAIN/77ff1e0278f642a191f97e1f573595f3
909 Создатель записи __
a Создатель записи Моргунова
b Дата создания записи 20260417